000 00451nam a2200169Ia 4500
008 090711s9999 xx 000 0 und d
082 _b64974
100 _aसावंत वसंत
245 _aस्वस्तिक
260 _c1990
300 _a80
600 _aसावंत वसंत
630 _aस्वस्तिक
700 _aसावंत वसंत
730 _aस्वस्तिक
942 _cBOOK
999 _c291934
_d291934